| 000 | 00610nam a2200205Ia 4500 | ||
|---|---|---|---|
| 003 | OSt | ||
| 005 | 20240401122153.0 | ||
| 008 | 210210b1944 xxu||||| |||| 00| 0 eng d | ||
| 040 | _cAL | ||
| 041 | _aKannada | ||
| 082 | _a852/467 | ||
| 100 |
_aRAJARATNAM (G P) _9137072 _dರಾಜರತ್ನಂ ಜಿ ಪಿ. |
||
| 245 |
_aJnapaka upanyasagalu _bಜ್ಞಾಪಕ ಉಪನ್ಯಾಸಗಳು |
||
| 260 |
_aBengaluru _bSatyashodhana Prakatana Mandira _c1944 |
||
| 650 |
_aupanyAsagaLu _9137073 |
||
| 650 |
_aJnApaka _9137074 |
||
| 690 |
_aKannada Prose _9137075 |
||
| 906 | _a019033 | ||
| 942 |
_2ddc _cBK |
||
| 999 |
_c143084 _d143084 |
||